| 000 | 00571nam a22002057a 4500 | ||
|---|---|---|---|
| 005 | 20220406122957.0 | ||
| 008 | 220406b ||||| |||| 00| 0 eng d | ||
| 020 | _a1932674160 | ||
| 040 | _cAL | ||
| 041 | _aEnglish | ||
| 082 |
_223 _a324.251 _bEPON |
||
| 100 |
_aEpoch Times _927956 |
||
| 245 | _aNine commentaries on the Communist Party | ||
| 260 |
_aNorth America _bBroad Press International Co Ltd _c2005 |
||
| 300 |
_axix,354 p. _bPB _c21x14 cm. |
||
| 365 |
_c$ _d$12.00 |
||
| 650 |
_aCommunist party _927957 |
||
| 700 |
_aEPOCH TIMES _927958 |
||
| 942 |
_2ddc _cGF |
||
| 999 |
_c222222 _d222222 |
||